Statistics for 1995年時点で鉄道駅がない市

Click here to take the quiz!

General Stats

  • This quiz has been taken 54 times
  • The average score is 28 of 46

Answer Stats

ヒントAnswer% Correct
沖縄県那覇市
88%
神奈川県綾瀬市
86%
名護市
84%
沖縄市
84%
東京都武蔵村山市
84%
石垣市
79%
浦添市
79%
宜野湾市
74%
鹿児島県鹿屋市
74%
歌志内市
70%
室戸市
70%
土佐清水市
70%
北海道紋別市
70%
西之表市
67%
糸満市
67%
菊池市
65%
三笠市
65%
青森県十和田市
65%
兵庫県洲本市
60%
岩手県江刺市
60%
長崎県平戸市
60%
土佐市
60%
高知県安芸市
60%
宿毛市
60%
垂水市
58%
名瀬市
56%
宮崎県西都市
53%
福江市
53%
熊本県山鹿市
53%
福岡県八女市
51%
牛深市
51%
両津市
51%
平良市
49%
石川市
49%
加世田市
49%
広島県因島市
49%
具志川市
47%
栃尾市
44%
大川市
44%
本渡市
44%
山田市
44%
新潟県白根市
42%
大口市
42%
埼玉県八潮市
40%
鳩ヶ谷市
40%
茨城県岩井市
37%

Score Distribution

Percentile by Number Answered

Percent of People with Each Score

Your Score History

You have not taken this quiz